[Event "Tradewise Gibraltar"]
[Site "Caleta ENG"]
[Date "2015.02.05"]
[EventDate "2015.01.27"]
[Round "10.104"]
[Result "1-0"]
[White "Henderson de La Fuente, Lance"]
[Black "Tim R Spanton"]
[WhiteElo "2014"]
[BlackElo "1963"]
[PlyCount "42"]

1. e4 e5 2. Nf3 Nc6 3. d4 exd4 4. Nxd4 Bc5 5. Nb3 Bb6 6. Nc3 Nf6 7. Bg5 h6 8.
Bh4 d6 9. Qe2 Be6 10. Nd5 g5 11. Bg3 Nd4 12. Nxd4 Bxd4 13. O-O-O Bc5 14. h4 g4
15. h5 c6 16. Bh4 cxd5 17. exd5 O-O 18. dxe6 fxe6 19. Qxe6+ Kg7 20. Qf5 Qe8 21.
Bd3 1-0

[Event "Tradewise Gibraltar"]
[Site "Caleta ENG"]
[Date "2015.02.05"]
[EventDate "2015.01.27"]
[Round "10.105"]
[Result "0-1"]
[White "Martin Nilsen"]
[Black "Vitor Morais"]
[WhiteElo "2011"]
[BlackElo "1934"]
[PlyCount "106"]

1. e3 Nf6 2. d4 g6 3. c4 Bg7 4. Nf3 O-O 5. Nc3 d6 6. Be2 Nbd7 7. O-O e5 8. d5 a5
9. Qc2 Nc5 10. e4 Bd7 11. a3 Ne8 12. b4 axb4 13. Bg5 f6 14. axb4 Rxa1 15. Rxa1
fxg5 16. bxc5 g4 17. Ne1 dxc5 18. Nd3 b6 19. Nd1 Nd6 20. Ne3 h5 21. Ra7 Qb8 22.
Ra3 Be8 23. f3 gxf3 24. Bxf3 Qd8 25. Ra7 Qg5 26. Qe2 Bh6 27. Nf1 Rf7 28. Kh1 Kh7
29. Ra8 Bd7 30. Ra7 Bg4 31. h3 Bxf3 32. gxf3 Bg7 33. Nd2 Bh6 34. Nf1 Re7 35. Kh2
Qh4 36. Ne3 Bxe3 37. Qxe3 Nxc4 38. Qc1 Nd6 39. Kg2 Nxe4 40. Qe3 Qg3+ 41. Kh1
Qxh3+ 42. Kg1 Qg3+ 43. Kh1 Nd6 44. Nf2 e4 45. Qc1 Qxf2 46. Ra8 Nf5 47. Qg5 Ng3+
48. Qxg3 Qxg3 49. d6 Qxf3+ 50. Kh2 Re5 51. Ra2 Rg5 52. Rb2 Qg3+ 53. Kh1 Qg1# 0-1

[Event "Tradewise Gibraltar"]
[Site "Caleta ENG"]
[Date "2015.02.05"]
[EventDate "2015.01.27"]
[Round "10.106"]
[Result "1-0"]
[White "Per Green"]
[Black "Moritz Weishaeutel"]
[WhiteElo "1996"]
[BlackElo "1905"]
[PlyCount "94"]

1. Nf3 d5 2. g3 c6 3. Bg2 Bg4 4. c4 Nf6 5. Qb3 Qb6 6. Nc3 Qxb3 7. axb3 Nbd7 8.
d4 e6 9. Bf4 Bb4 10. O-O Bxc3 11. bxc3 dxc4 12. bxc4 Nb6 13. Rfb1 Nxc4 14. Rxb7
O-O 15. Raxa7 Rxa7 16. Rxa7 Nd5 17. h3 Bh5 18. Ra4 Nb2 19. Ra5 Bg6 20. Rc5 Na4
21. Rxc6 Naxc3 22. e3 Nxf4 23. gxf4 Ne2+ 24. Kh2 Be4 25. Rc7 f6 26. Nd2 Bd3 27.
Be4 Bb5 28. Re7 Re8 29. Rc7 Rd8 30. Nb3 Rd7 31. Rc8+ Kf7 32. Bxh7 Ra7 33. Bg8+
Ke7 34. Rc5 Ba4 35. Ra5 Rxa5 36. Nxa5 Bc2 37. Nb7 Nc3 38. Nc5 Bf5 39. f3 Ne2 40.
Kg2 g6 41. h4 Kd6 42. Kf2 Nc1 43. e4 Bh3 44. Kg3 e5 45. fxe5+ fxe5 46. dxe5+
Kxc5 47. Kxh3 1-0

[Event "Tradewise Gibraltar"]
[Site "Caleta ENG"]
[Date "2015.02.05"]
[EventDate "2015.01.27"]
[Round "10.107"]
[Result "1-0"]
[White "Keith Downey"]
[Black "Christophe-hayot, Romain"]
[WhiteElo "1919"]
[BlackElo "1793"]
[PlyCount "92"]

1. d4 d5 2. Nf3 Nf6 3. c4 c6 4. Nc3 a6 5. cxd5 cxd5 6. Bf4 Nc6 7. e3 Bf5 8. Bd3
Bxd3 9. Qxd3 Nb4 10. Qe2 Rc8 11. O-O e6 12. a3 Nc6 13. Rac1 Be7 14. Na4 O-O 15.
Nc5 Bxc5 16. Rxc5 Ne4 17. Rc2 f6 18. Rfc1 Qa5 19. h3 g5 20. Bh2 h5 21. Ne1 Ne7
22. f3 Nd2 23. Rxc8 Rxc8 24. Rxc8+ Nxc8 25. b4 Nxf3+ 26. gxf3 Qxa3 27. Qd2 Nb6
28. Nc2 Qb3 29. Kg2 Nc4 30. Qf2 Qb2 31. Bb8 b6 32. Bc7 a5 33. bxa5 bxa5 34. Bd8
Kf7 35. e4 a4 36. e5 a3 37. Nxa3 Qxa3 38. Bxf6 Ne3+ 39. Kh2 g4 40. fxg4 hxg4 41.
Bg5+ Nf5 42. hxg4 Kg6 43. gxf5+ Kxg5 44. fxe6 Qa7 45. Qf6+ Kg4 46. Qg6+ 1-0

[Event "Tradewise Gibraltar"]
[Site "Caleta ENG"]
[Date "2015.02.05"]
[EventDate "2015.01.27"]
[Round "10.108"]
[Result "0-1"]
[White "Dieter Bauer"]
[Black "Jens Wiedersich"]
[WhiteElo "1728"]
[BlackElo "2125"]
[PlyCount "116"]

1. d4 Nf6 2. Nf3 c5 3. e3 e6 4. Bd3 Nc6 5. O-O Be7 6. b3 O-O 7. Bb2 d5 8. Nbd2
b6 9. a3 Bb7 10. Qe2 Qc7 11. Ne5 g6 12. f4 Nxe5 13. fxe5 Ne4 14. Nxe4 dxe4 15.
Bc4 Bd5 16. Bxd5 exd5 17. c4 Qb7 18. cxd5 Qxd5 19. Qc4 Rad8 20. Qxd5 Rxd5 21.
Rf4 Bg5 22. Rxe4 Re8 23. dxc5 f5 24. Ra4 Bxe3+ 25. Kf1 Rd2 26. Bc3 Rf2+ 27. Ke1
Rc2 28. Bd4 Bxd4 29. Rxd4 Rxc5 30. Rd7 Rcxe5+ 31. Kf1 R8e7 32. Rad1 Kf7 33.
Rxe7+ Kxe7 34. Kf2 Rc5 35. Rd3 h6 36. h4 Ke6 37. g3 Rc2+ 38. Kf3 g5 39. hxg5
hxg5 40. Re3+ Kf6 41. Rd3 Ke5 42. g4 f4 43. b4 Ra2 44. b5 Rb2 45. Rd7 Rb3+ 46.
Kf2 Rxa3 47. Rg7 Kf6 48. Rc7 Ra5 49. Rc6+ Ke7 50. Rc7+ Kd6 51. Rg7 Rxb5 52. Rxa7
Re5 53. Rb7 b5 54. Rb8 Kc5 55. Rc8+ Kd5 56. Rb8 Kc4 57. Rf8 b4 58. Rc8+ Rc5 0-1

[Event "Tradewise Gibraltar"]
[Site "Caleta ENG"]
[Date "2015.02.05"]
[Round "10.109"]
[White "Godinho Marques, Pedro"]
[Black "Dustin Tennessee Opasiak"]
[Result "1-0"]
[WhiteElo "1950"]
[BlackElo "1729"]
[Annotator "Wall,Bill"]
[PlyCount "39"]
[EventDate "2015.01.27"]

1. c4 Nf6 2. Nc3 d6 3. d4 g6 4. e4 Bg7 5. f3 O-O 6. Bg5 Nbd7 7. Qd2 c5 8. d5
Re8 9. Nh3 Ne5 10. Nf2 h5 11. Be2 Kh7 12. h3 Rh8 13. f4 Ned7 14. g4 Kg8 15.
O-O-O hxg4 16. hxg4 Rxh1 17. Rxh1 Nf8 18. Bh6 Bh8 19. Qe3 Qa5 $2 (19... N6d7)
20. Bxf8 1-0

[Event "Tradewise Gibraltar"]
[Site "Caleta ENG"]
[Date "2015.02.05"]
[EventDate "2015.01.27"]
[Round "10.110"]
[Result "1-0"]
[White "Alan D Gravett"]
[Black "Kimiya Sajjadi"]
[WhiteElo "1877"]
[BlackElo "1634"]
[PlyCount "58"]

1. Nf3 d5 2. g3 Nc6 3. d4 Bf5 4. Nh4 Bg4 5. Bg2 Nf6 6. c4 e6 7. h3 Bh5 8. g4
Bb4+ 9. Bd2 Bxd2+ 10. Nxd2 Bg6 11. Nxg6 hxg6 12. e3 g5 13. cxd5 exd5 14. Rc1 Qd6
15. a3 O-O 16. h4 gxh4 17. g5 Nh7 18. Qh5 Qd7 19. Qxh4 Qf5 20. Bxd5 Rfe8 21.
Bxc6 bxc6 22. Rxc6 Re6 23. Rxc7 Rb6 24. b4 Ra6 25. e4 Qg6 26. f4 Rxa3 27. Kf2
Ra2 28. f5 Rxd2+ 29. Ke1 1-0

[Event "Tradewise Gibraltar"]
[Site "Caleta ENG"]
[Date "2015.02.05"]
[Round "10.111"]
[White "Anders Nilsson Aure"]
[Black "Manuel Joao Ferro Curado"]
[Result "0-1"]
[WhiteElo "1688"]
[BlackElo "1860"]
[Annotator "Wall,Bill"]
[PlyCount "38"]
[EventDate "2015.01.27"]

1. c4 e6 2. Nc3 Nf6 3. d4 c5 4. Nf3 cxd4 5. Nxd4 Bb4 6. Qb3 Bc5 7. e3 O-O 8.
Be2 Nc6 9. Nxc6 bxc6 10. e4 Qc7 11. O-O Rb8 12. Qc2 d5 13. exd5 cxd5 14. cxd5
Nxd5 15. Bf3 Bd6 16. h3 Ba6 17. Re1 (17. Rd1) 17... Nb4 18. Qd1 Nd3 19. Re3 $2
(19. Re2) 19... Bh2+ 0-1

[Event "Tradewise Gibraltar"]
[Site "Caleta ENG"]
[Date "2015.02.05"]
[EventDate "2015.01.27"]
[Round "10.112"]
[Result "1-0"]
[White "Kimia Moradi"]
[Black "John R Beadle"]
[WhiteElo "1984"]
[BlackElo "1694"]
[PlyCount "66"]

1. e4 e6 2. d4 d5 3. Nd2 dxe4 4. Nxe4 Bd7 5. Nf3 Bc6 6. Bd3 Nd7 7. a3 Ngf6 8.
Ng3 a5 9. Qe2 Be7 10. O-O O-O 11. Rd1 Re8 12. Ne5 Nxe5 13. dxe5 Nd7 14. Bb5 Qc8
15. Bxc6 bxc6 16. Bf4 Nf8 17. Qe4 Qa6 18. Be3 Red8 19. f4 Ng6 20. Nf1 Rab8 21.
Bd4 Qc4 22. Ne3 Qe2 23. Rf1 c5 24. Bc3 Rd7 25. Rae1 Qh5 26. g4 Qh4 27. Qf3 f6
28. exf6 Bxf6 29. Ng2 Qh6 30. g5 Bxg5 31. fxg5 Qxg5 32. Rxe6 Nh4 33. Qg3 1-0

[Event "Tradewise Gibraltar"]
[Site "Caleta ENG"]
[Date "2015.02.05"]
[EventDate "2015.01.27"]
[Round "10.113"]
[Result "1/2-1/2"]
[White "Cesar Tortolero"]
[Black "Ingrid Andrea Greibrokk"]
[WhiteElo "1937"]
[BlackElo "1758"]
[PlyCount "146"]

1. d4 Nf6 2. g3 g6 3. Bg2 Bg7 4. c4 O-O 5. Nc3 d6 6. Nf3 e6 7. O-O Nc6 8. e4 e5
9. dxe5 dxe5 10. Qxd8 Rxd8 11. Bg5 Re8 12. Nd5 Nxd5 13. cxd5 Nd8 14. Rfc1 f6 15.
Be3 c6 16. Bf1 Bg4 17. Nd2 f5 18. f3 Bh5 19. Bc4 Kh8 20. Kg2 f4 21. Bg1 g5 22.
g4 Bg6 23. Nb1 Bf8 24. a3 Kg7 25. Nc3 Bf7 26. Rd1 b6 27. Rac1 Re7 28. Ba6 Bg8
29. dxc6 Nxc6 30. Nd5 Bxd5 31. exd5 Nd4 32. Bxd4 exd4 33. Rxd4 Rd8 34. Bd3 Red7
35. Be4 Bc5 36. Rdc4 Kf6 37. b4 Bd6 38. Bf5 Re7 39. Be6 Be5 40. R1c2 Ree8 41.
Rc6 Bd6 42. a4 h6 43. a5 bxa5 44. bxa5 Re7 45. a6 Kg7 46. Bf5 Kf6 47. Rb2 Ke5
48. Be4 Rg7 49. Rc3 Kf6 50. Rcb3 Rdd7 51. Bd3 Be5 52. Rc2 Rxd5 53. Be4 Rd6 54.
Bb7 Rgd7 55. Rb1 Rd2+ 56. Rxd2 Rxd2+ 57. Kh1 Rb2 58. Rxb2 Bxb2 59. Kg1 Ke5 60.
Kf1 Bd4 61. Ke2 Bb6 62. Kd3 Bg1 63. h3 Bf2 64. Kc4 Bb6 65. Be4 Bd4 66. Kb5 Bb6
67. Kc6 Kd4 68. Kd6 Ke3 69. Ke6 Kf2 70. Kf5 Bc5 71. Kg6 Bf8 72. Kf7 Bc5 73. Kg6 1/2-1/2

[Event "Tradewise Gibraltar"]
[Site "Caleta ENG"]
[Date "2015.02.05"]
[EventDate "2015.01.27"]
[Round "10.114"]
[Result "1-0"]
[White "Gonzalez Espana, Maria Gabriela"]
[Black "Per Tveten"]
[WhiteElo "1917"]
[BlackElo "1601"]
[PlyCount "90"]

1. c4 e5 2. Nc3 Nf6 3. g3 Bc5 4. Bg2 Nc6 5. e3 d6 6. Nge2 O-O 7. O-O Rb8 8. a3
a6 9. b4 Ba7 10. b5 axb5 11. cxb5 Ne7 12. Qa4 Bb6 13. d4 exd4 14. Nxd4 Bd7 15.
Rd1 Ra8 16. Qc2 Qc8 17. Bb2 c6 18. Rac1 d5 19. Qb3 Be6 20. bxc6 Qc7 21. Ncb5 Qd8
22. c7 Qd7 23. Nf3 d4 24. Qd3 Nc6 25. Nfxd4 Ne5 26. Qe2 Bd5 27. e4 Bc4 28. Rxc4
Nxc4 29. Qxc4 Rac8 30. Rc1 Ne8 31. Nf5 Nf6 32. Bxf6 gxf6 33. Qd5 Qxd5 34. exd5
Ra8 35. d6 Bxc7 36. dxc7 h5 37. c8=Q Kh7 38. Qxb7 Rab8 39. Qe4 Rxb5 40. Nd6+ f5
41. Qe2 Rb3 42. Qxh5+ Kg7 43. Bd5 f4 44. Qg5+ Kh7 45. Be4+ 1-0

[Event "Tradewise Gibraltar"]
[Site "Caleta ENG"]
[Date "2015.02.05"]
[EventDate "2015.01.27"]
[Round "10.115"]
[Result "0-1"]
[White "Klaus Kuenitz"]
[Black "Luis Antonio Maximino Bouxo"]
[WhiteElo "1680"]
[BlackElo "1711"]
[PlyCount "56"]

1. d4 e6 2. c4 d5 3. Nf3 Nf6 4. Bf4 c6 5. e3 Nbd7 6. Nc3 Be7 7. cxd5 exd5 8. Bd3
O-O 9. O-O Re8 10. h3 Bf8 11. g4 g6 12. Bg3 Nb6 13. Rc1 Bd6 14. Ne5 Bxe5 15.
Bxe5 Nbd7 16. Bxf6 Nxf6 17. Qf3 Be6 18. e4 Kg7 19. Qf4 Qb6 20. exd5 Nxd5 21.
Nxd5 Bxd5 22. Rfe1 Bxa2 23. g5 Rxe1+ 24. Rxe1 Rd8 25. Qf6+ Kg8 26. h4 c5 27.
Qxb6 axb6 28. Re7 Rxd4 0-1

[Event "Tradewise Gibraltar"]
[Site "Caleta ENG"]
[Date "2015.02.05"]
[EventDate "2015.01.27"]
[Round "10.116"]
[Result "0-1"]
[White "Raymond Gouait"]
[Black "Veronika Steinunn Magnusdottir"]
[WhiteElo "1595"]
[BlackElo "1566"]
[PlyCount "80"]

1. d4 d5 2. c4 c6 3. Nc3 Nf6 4. Nf3 e6 5. Bg5 Nbd7 6. cxd5 exd5 7. e3 Qa5 8. Nd2
Bb4 9. Rc1 Bxc3 10. bxc3 Qxa2 11. Bd3 Qa5 12. O-O O-O 13. h3 Re8 14. Bf4 b5 15.
Qc2 Bb7 16. e4 dxe4 17. Nxe4 Nxe4 18. Bxe4 Nf6 19. Bf3 Qb6 20. Rfd1 a5 21. g4
Rec8 22. g5 Nd5 23. Be5 c5 24. Qf5 Ne7 25. Qg4 Bxf3 26. Qxf3 Nc6 27. Qg4 Nxe5
28. dxe5 Rd8 29. Qf4 a4 30. Rd6 Qc7 31. Rcd1 a3 32. Qd2 Re8 33. f4 Qb7 34. Rd5
a2 35. Ra1 b4 36. cxb4 cxb4 37. Rxa2 Rxa2 38. Qxa2 b3 39. Qa5 b2 40. Qb5 0-1